Il triestino Giulio Ascanio Canal ed I fratelli bandiera / (Record no. 148021)

MARC details
000 -LEADER
campo de control de longitud fija 00711nam a2200193 4500
001 - NÚMERO DE CONTROL
campo de control 148021
003 - IDENTIFICADOR DE NÚMERO DE CONTROL
campo de control ES-MaACL
005 - FECHA Y HORA DE LA ÚLTIMA TRANSACCIÓN
campo de control 20230906202403.0
007 - CAMPO FIJO DE DESCRIPCIÓN FÍSICA--INFORMACIÓN GENERAL
campo de control de longitud fija t|
008 - DATOS DE LONGITUD FIJA--INFORMACIÓN GENERAL
campo de control de longitud fija 070214s1948 it r ||||1| ita d
100 1# - ENTRADA PRINCIPAL--NOMBRE DE PERSONA
Nombre de persona Sticotti, Piero.
9 (RLIN) 108200
245 13 - MENCIÓN DEL TÍTULO
Título Il triestino Giulio Ascanio Canal ed I fratelli bandiera /
Mención de responsabilidad, etc. Piero Sticotti.
260 ## - PUBLICACIÓN, DISTRIBUCIÓN, ETC.
Lugar de publicación, distribución, etc. Trieste :
Nombre del editor, distribuidor, etc. Ufficio Stampa e Propaganda Della Lega Nazionale,
Fecha de publicación, distribución, etc. 1948 (
Fabricante Stabilimento Tip. Nazionale)
300 ## - DESCRIPCIÓN FÍSICA
Extensión 15 p. :
Otras características físicas il. = retr. ;
Dimensiones 17 cm.
490 1# - MENCIÓN DE SERIE
Mención de serie Collana di opuscoli di volgarizzazione storica ;
Designación de volumen o secuencia 1
830 0# - PUNTO DE ACCESO ADICIONAL DE SERIE-TÍTULO UNIFORME
Título uniforme Collana di opuscoli di volgarizzazione storica ;
Designación de volumen o secuencia 1
9 (RLIN) 187495
852 ## - LOCALIZACIÓN
Ubicación ES-MaACL
Número de control de estantería 1906-F-8
Sublocalización o colección R.29276
Holdings
Estatus retirado Estado de pérdida Estado de daño No para préstamo Colección Biblioteca de origen Biblioteca actual Ubicación en estantería Fecha de adquisición Fuente de adquisición Total de préstamos Signatura topográfica completa Código de barras Visto por última vez Precio de reemplazo Tipo de ítem Koha
        Colección de folletos Biblioteca del Ateneo de Madrid Biblioteca del Ateneo de Madrid Depósito folletos 17/01/2008     1906-F-8 1154476 23/02/2023 23/02/2023 Folleto